000 01066nam a2200229Ia 4500
003 Ost
005 20260507075217.0
008 260507s9999||||xx |||||||||||||| ||und||
040 _cfsecg
041 _aara
082 _a330
100 _aالزعبي، علي فلاح
_eمؤلف
245 0 _aالاتصالات التسويقية :
_bمدخل منهجي -تطبيقي /
_c علي فلاح الزعبي
260 _aعمان:
_bدار المسيرة,
_c2010
300 _a359 صفحة؛
_bإيضاحات ؛
_c24 سم
504 _aمراجع ص.355 ؛ ملاحق ص.337
520 _aالاتصالات التسويقية كمدخل منهجي تطبيقي هام في الشركات و منظمات المال والاعمال فهي تساهم بفعالية في سد حاجات و تطوير القطاعين العام و الخاص في الدول العربية و منها المملكة الاردنية الهاشمية.
653 _aادارة المبيعات
653 _aالاتصال
653 _aالتسويق
942 _cكتاب
999 _c43499
_d43499